Discriminaȯ̂ de gn̊ero no tratamento automatizado de dados pessoais

Detalles Bibliográficos
Autor principal: Branco Lindoso, Maria Cristine
Formato: eBook
Lenguaje:portugués
Publicado: Rio de Janeiro: Editora Processo, 2021
Materias:
Acceso en línea:Acceso restringido

MARC

LEADER 00000nam a22000007a 4500
005 20220719222647.0
007 cr|||| ||||
008 220719s2021 br |||||s|||| 00||0 por d
020 |a 978658935143-6 
035 |a 36711 
040 |a vLex 
090 |c 13588  |d 13588 
100 1 |a Branco Lindoso, Maria Cristine 
245 1 0 |a Discriminaȯ̂ de gn̊ero no tratamento automatizado de dados pessoais  |h [Recurso electrn̤ico] /  |c Maria Cristine Branco Lindoso 
256 |a Servicio en ln̕ea 
260 |a Rio de Janeiro:  |b Editora Processo,  |c 2021 
300 |a 1 recurso electrn̤ico 
500 |a A busca pela igualdade de gn̊ero deve ser uma constante. Ela permeia a atuaȯ̂ direta em diversas r̀eas de pesquisa. No livro Discriminaȯ̂ de Gn̊ero no Tratamento Automatizado de Dados Pessoais, Maria Cristine Lindoso pretende analisar os impactos da discriminaȯ̂ de mulheres no ḿbito do desenvolvimento tecnolg̤ico e cientf̕ico. Muitos pas̕es vivem hoje a realidade da Quarta Revoluȯ̂ Industrial, em que a automatizaȯ̂, os robs̥ e o tratamento de dados em massa representam um novo paradigma que interfere diretamente nas escolhas mais cotidianas de diversas pessoas. Contudo, esse novo paradigma se estabeleceu em bases discriminatr̤ias, especialmente em relaȯ̂ s̉ mulheres e outros grupos minoritr̀ios, que foram exclud̕os da produȯ̂ do conhecimento e prejudicados pela reproduȯ̂ de esteret̤ipos enganosos, vieses e preconceitos que os levaram ̉margem do processo de datificaȯ̂ da vida em razô do big data. A partir disso, a Autora pretende compreender como se construiu um discurso de falsa neutralidade da tecnologia, que prestigia, em verdade, a hegemonia masculina dominante e discrimina, atravš do tratamento de dados pessoais, mulheres e outros grupos minoritr̀ios. O desenvolvimento tecnolg̤ico, que foi amplamente difundido como eliminador de barreiras, tem se mostrado como mais um instrumento de reproduȯ̂ de vieses e preconceitos. Assim, alm̌ de mapear o problema, a Autora se prope̳ tambm̌ a refletir sobre soluė̳s - que passam pelo fortalecimento das Leis Gerais de Proteȯ̂ de Dados e vô at ̌at ̌o manuseio ťico da tecnologia - para que a automatizaȯ̂ dos mais variados processos decisr̤ios nô seja mais uma barreira ̉igualdade de mulheres. 
506 1 |a Disponible solo en los productos indicados  |d vLex Global  |d vLex Global (Academic Edition, excluding Law Schools)  |d vLex Global (U.S. Academic Edition, Law Schools)  |d vLex Global (U.S. Academic Edition, excluding Law Schools)  |d vLex Global (Academic Edition, Law Schools) 
650 0 4 |a Derecho de las Nuevas Tecnologa̕s  |z Brasil 
650 0 4 |a Proteccin̤ de datos  |z Brasil 
740 0 |a vLex Libros (Servicio en ln̕ea) 
856 4 0 |u https://app.vlex.com/#/sources/36711  |z Acceso restringido 
942 |c BOOK 
999 0 |a Law of New Technologies 
999 0 |a Data protection